000 00597nam a2200253Ia 4500
005 20260121153950.0
008 008 260114s9999 xx 000 0 eng d
020 _a9781315719573
037 _aEBOOK
040 _aCRL
040 _beng
040 _cCRL
041 _2eng
041 _aeng
084 _qCRL
100 _a Brant Houston
_91001347
245 0 _aChanging Models for Journalism
260 _bTaylor and Francis
260 _c2023
856 _uhttp://www.taylorfrancis.com/books/9781315719573
942 _cEBOOK
999 _c1568168
_d1568168